My Years with General Motors (Record no. 6070)

MARC details
000 -CABECERA
campo de control de longitud fija 01036nam a2200265 a 4500
001 - NÚMERO DE CONTROL
campo de control BRCA_6384
005 - FECHA Y HORA DE LA ÚLTIMA TRANSACCIÓN
campo de control 20190320205432.0
008 - DATOS DE LONGITUD FIJA--INFORMACIÓN GENERAL
campo de control de longitud fija 150311s1964----nyuao#####---#000-0#eng-#
041 ## - CÓDIGO DE LENGUA
Código de lengua del texto/banda sonora o título independiente eng
044 ## - CÓDIGO DEL PAÍS DE LA ENTIDAD EDITORA/PRODUCTORA
Código MARC del país nyu
050 #4 - SIGNATURA TOPOGRÁFICA DE LA BIBLIOTECA DEL CONGRESO
Número de clasificación CT275
Número de documento/Ítem .S52 1964
100 1# - ENTRADA PRINCIPAL--NOMBRE DE PERSONA
Nombre de persona Sloan, Alfred P.
Fechas asociadas al nombre 1875-1966
Forma completa/desarrollada del nombre (Alfred Pritchard)
9 (RLIN) 15974
245 10 - MENCIÓN DE TÍTULO
Título My Years with General Motors
Mención de responsabilidad, etc. by Alfred P. Sloan ; edited by John McDonald with Catharine Stevens.
260 ## - PUBLICACIÓN, DISTRIBUCIÓN, ETC.
Lugar de publicación, distribución, etc. Garden City, Nueva York
Nombre del editor, distribuidor, etc. Doubleday & Company
Fecha de publicación, distribución, etc. 1964
300 ## - DESCRIPCIÓN FÍSICA
Extensión xxv, 472 p.
Otras características físicas il.
Dimensiones 24 cm
500 ## - NOTA GENERAL
Nota general Incluye lista de ilustraciones e índice alfabético
500 ## - NOTA GENERAL
Nota general CEF68
610 24 - PUNTO DE ACCESO ADICIONAL DE MATERIA--NOMBRE DE ENTIDAD CORPORATIVA
Nombre de entidad corporativa o nombre de jurisdicción como elemento de entrada General Motors Corporation
Subdivisión general Administración
9 (RLIN) 15975
650 14 - PUNTO DE ACCESO ADICIONAL DE MATERIA--TÉRMINO DE MATERIA
Término de materia o nombre geográfico como elemento de entrada Industria y comercio del automóvil
Subdivisión de forma Estudios de caso
Subdivisión general Dirección
Subdivisión geográfica Estados Unidos de Norteamérica
9 (RLIN) 15976
650 14 - PUNTO DE ACCESO ADICIONAL DE MATERIA--TÉRMINO DE MATERIA
Término de materia o nombre geográfico como elemento de entrada Organización industrial
Subdivisión de forma Estudios de caso
Subdivisión geográfica Estados Unidos de Norteamérica
9 (RLIN) 15977
700 1# - PUNTO DE ACCESO ADICIONAL--NOMBRE DE PERSONA
Nombre de persona McDonald, John
Fechas asociadas al nombre 1906-1998
9 (RLIN) 15978
700 1# - PUNTO DE ACCESO ADICIONAL--NOMBRE DE PERSONA
Nombre de persona Stevens, Catharine
9 (RLIN) 15979
902 ## - CATALOGADOR
Iniciales GFM
942 ## - ELEMENTOS DE PUNTO DE ACCESO ADICIONAL (KOHA)
Fuente del sistema de clasificación o colocación Library of Congress Classification
Tipo de ítem Koha Libros
Holdings
Estado de retiro Estado de pérdida Estado dañado No para préstamo Localización permanente Ubicación/localización actual Fecha de adquisición Número de inventario Total de préstamos Signatura topográfica completa Código de barras Fecha visto por última vez Precio válido a partir de Tipo de ítem Koha
El ejemplar forma parte de la colección y puede ser consultado según las políticas vigentes.       Biblioteca del Museo Franz Mayer (Rogerio Casas-Alatriste) Biblioteca del Museo Franz Mayer (Rogerio Casas-Alatriste) 31/08/2011 CEF68   CT275 .S52 1964 (CEF68) 6831 22/03/2019 22/03/2019 Libros